Loading...

Monograph of the british Phytophagous Hymenoptera. V.2

Bibliographic Details
Main Author: Cameron, Peter
Format: Printed Book
Language:Undetermined
English
Published: London Ray society
Subjects:
LEADER 00557nam a2200169Ia 4500
008 140306s9999 xx 000 0 und d
041 |a eng 
082 |a 595.790941  |b CAM.02 
100 |a Cameron, Peter 
245 |a Monograph of the british Phytophagous Hymenoptera. V.2 
260 |a London  |b Ray society 
300 |a 233 
650 |a Hymenoptera 
650 |a Phytophagous 
942 |2 ddc  |c BK 
999 |c 66881  |d 66881 
952 |0 0  |1 0  |2 ddc  |4 0  |6 595_790941000000000_CAM_02  |7 0  |9 73226  |a KAUACV  |b KAUACV  |d 2004-05-26  |o 595.790941 CAM.02  |p KAU_ACV-787  |r 2014-03-22  |w 2014-03-22  |y BK